<?xml version="1.0" encoding="UTF-8"?>
<record
    xmlns:xsi="http://www.w3.org/2001/XMLSchema-instance"
    xsi:schemaLocation="http://www.loc.gov/MARC21/slim http://www.loc.gov/standards/marcxml/schema/MARC21slim.xsd"
    xmlns="http://www.loc.gov/MARC21/slim">

  <leader>01519aam a2200241   4500</leader>
  <controlfield tag="001">6890</controlfield>
  <datafield tag="010" ind1=" " ind2=" ">
    <subfield code="a">94148348</subfield>
  </datafield>
  <datafield tag="020" ind1=" " ind2=" ">
    <subfield code="a">1864030151 :</subfield>
  </datafield>
  <datafield tag="082" ind1="0" ind2="0">
    <subfield code="a">079/.94</subfield>
    <subfield code="2">20</subfield>
  </datafield>
  <datafield tag="100" ind1=" " ind2=" ">
    <subfield code="a">Schultz, Julianne.</subfield>
    <subfield code="b"></subfield>
    <subfield code="c"></subfield>
    <subfield code="d"></subfield>
    <subfield code="e"></subfield>
    <subfield code="q"></subfield>
  </datafield>
  <datafield tag="245" ind1="0" ind2="0">
    <subfield code="a">Not just another business :</subfield>
    <subfield code="b">journalists, citizens, and the media /</subfield>
    <subfield code="c">edited by Julianne Schultz</subfield>
  </datafield>
  <datafield tag="260" ind1=" " ind2=" ">
    <subfield code="a">Leichhardt, NSW :</subfield>
    <subfield code="b">Pluto Press, National Centre for Australian Studies, Monash University,</subfield>
    <subfield code="c">1994</subfield>
  </datafield>
  <datafield tag="300" ind1=" " ind2=" ">
    <subfield code="a">243 p. ;</subfield>
    <subfield code="c">22 cm</subfield>
  </datafield>
  <datafield tag="504" ind1=" " ind2=" ">
    <subfield code="a">Includes bibliographical references (p. 225-236) and index</subfield>
  </datafield>
  <datafield tag="505" ind1=" " ind2=" ">
    <subfield code="a">CONTENTS: Preface -- A marketplace of ideas? -- Media  convergence and the fourth estate -- The paradox of  professionalism -- The paradox of professionalism -- The  media and democracy: reclaiming an intellectual agenda --  But that's not the issue -- Bound for disappointment on  the highway from heaven to hell -- Politics, news  management &amp; monopolies- a consumer issue? -- Diversity:  rhetoric &amp; reality -- At the cultural frontier -- Tabloid  television -- Creating codes: journalism self-regulation  -- Discovering a right to freedom of expression --  Reinventing journalism education- for journalists &amp;  citizens -- Sources -- Index.  </subfield>
    <subfield code="g"></subfield>
    <subfield code="r"></subfield>
    <subfield code="t"></subfield>
  </datafield>
  <datafield tag="650" ind1=" " ind2="0">
    <subfield code="a">Freedom of information</subfield>
    <subfield code="z">Australia</subfield>
  </datafield>
  <datafield tag="650" ind1=" " ind2="0">
    <subfield code="a">Journalism</subfield>
    <subfield code="z">Australia</subfield>
  </datafield>
  <datafield tag="650" ind1=" " ind2="0">
    <subfield code="a">Mass media</subfield>
    <subfield code="x">Social aspects</subfield>
    <subfield code="z">Australia</subfield>
  </datafield>
  <datafield tag="650" ind1=" " ind2="0">
    <subfield code="a">Mass media criticism</subfield>
    <subfield code="z">Australia</subfield>
  </datafield>
  <datafield tag="650" ind1=" " ind2="0">
    <subfield code="a">Mass media policy</subfield>
    <subfield code="z">Australia</subfield>
  </datafield>
  <datafield tag="700" ind1="1" ind2=" ">
    <subfield code="a">Schultz, Julianne,</subfield>
    <subfield code="d">1956-</subfield>
  </datafield>
  <datafield tag="999" ind1=" " ind2=" ">
    <subfield code="c">5829</subfield>
    <subfield code="d">5829</subfield>
  </datafield>
</record>
